Luchas y esperanzas 100 años de historia doble e inconclusa del cantón de Limón

Bewaard in:
Bibliografische gegevens
Coauteur: Municipalidad de Limón. (Costa Rica)
Formaat: Texto
Gepubliceerd in: Limón: ML
Tags: Voeg label toe
Geen labels, Wees de eerste die dit record labelt!

MARC

LEADER 00000 a a2200000 04500
001 26569
003
040
090 |a 149000  
110 |a Municipalidad de Limón. (Costa Rica)  
245 |a Luchas y esperanzas 100 años de historia doble e inconclusa del cantón de Limón  
260 |a Limón:   |b ML  
300 |a 367 p.   |b il.  
999 |c 12523  |d 12523